| 000 | 00970nas a22002057a 4500 | ||
|---|---|---|---|
| 999 |
_c121092 _d121092 |
||
| 001 | K121092 | ||
| 007 | ta | ||
| 008 | 190815b2019 ||||| |||| 00| 0 eng d | ||
| 041 | _aeng | ||
| 100 | _aDhonau, Mary | ||
| 245 | _aA show of resilience | ||
| 490 |
_aRICS Property Journal _vMay/June 2019, 32-33(3) |
||
| 520 | _aFollowing recent flood damage to properties in Cumbria, the Cumbria Flood Resilience Showcase Project funded by private business and Environment Agency has showcased two properties a community centre and a residential property to demonstrate to householders and business owners what can be done to reduce devastation caused by flooding. The project included testing materials for resilience. | ||
| 650 | _aFlooding | ||
| 650 | _aRisk management | ||
| 650 | _aBuilding pathology | ||
| 651 | _aUnited Kingdom 1973 | ||
| 690 |
_96223 _aBuilding materials & defects |
||
| 856 | _uhttps://issuu.com/ricsmodus/docs/property_journal-may-june_2019-rics/60 | ||